000 00634nam a2200265Ia 4500
005 20260121171523.0
008 008 260114s9999 xx 000 0 eng d
020 _a9781493999095
037 _aEBOOK
040 _aCRL
040 _beng
040 _cCRL
041 _2eng
041 _aeng
084 _qCRL
100 _aConstantine Pozrikidis
_91077234
245 0 _aTransport Processes Primer
260 _bSpringer
260 _bSpringer
260 _c2019
856 _uhttps://link.springer.com/openurl?genre=book&isbn=978-1-4939-9909-5
942 _cEBOOK
999 _c1642964
_d1642964